000 00913nam a22003017a 4500
001 BR6000531
003 BR-BrBNA
005 20230928083031.0
007 ta
008 230509b bl.||||| |||| 00| 0 por d
040 _aBR-BrBNA
_bpor
_cBiblioteca Nacional de Agricultura
041 _a(Por)
072 _aA00
_b/G514
090 _ A00 BR6000531
100 1 _aMoretti, D.M.B.
100 1 _aSimao, O.
100 1 _aCarvalho, M.E.F. de
100 1 _aRocha, S.C. da
100 1 _aAlessi, C. (comps.)
110 1 _aEscola Superior de Agricultura Luiz de Queiroz, Piracicaba, SP (Brasil)
245 1 _aAgricultura e ciencias afins, levantamento das bibliografias brasileiras existentes na biblioteca da ESALQ (1958-1973)
260 3 _aPiracicaba, SP (Brasil):
_c1973.
300 _a55 p.
650 _aAgricultura
650 _aBibliografia
909 _a202309
_bLucia
_c55
_dLucia Elande
942 _cBK
999 _c11200
_d11200